| 000 | 01220nam a2200337 a 4500 | ||
|---|---|---|---|
| 001 | 000112977 | ||
| 003 | CHAP | ||
| 005 | 20220329144331.0 | ||
| 008 | 170306s2016 mx sm |||||||spa d | ||
| 010 | _a109438 | ||
| 011 | _a110410 | ||
| 040 | _cCHAP | ||
| 090 | _aTesis | ||
| 100 | 1 |
_aSantos Zuñiga, Camilo _9131659 |
|
| 245 | 1 | 0 |
_aEfecto del nivel de proteina en la dieta sobre la ganancia de peso en corderos postdestete _h[En línea] _cpor Camilo Santos Zuñiga. |
| 260 |
_aDurango, Méx. : _bEl autor, _c2016. |
||
| 500 | _aPara ver el contenido del material haga clic en la liga | ||
| 502 | _aTesis (Ing. en Sistemas Pecuarios) -- UACH. Unidad Regional Universitaria de Zonas Áridas | ||
| 590 |
_aE11695DGD _b10 _c20170308 _lUCH01 _h1156 |
||
| 590 |
_aE5765TAJ _b05 _c20170306 _lUCH01 _h1118 |
||
| 590 |
_aE5765TAJ _b05 _c20170306 _lUCH01 _h1118 |
||
| 650 | 1 | 4 |
_aGanado lanar _xDestete. _945169 |
| 650 | 1 | 4 |
_aGanado lanar _xNutrición. _945205 |
| 650 | 1 | 4 |
_aGanado lanar _xPeso. _945211 |
| 650 | 1 | 4 |
_aMateria seca. _972933 |
| 650 | 1 | 4 |
_aProteínas en nutrición animal. _992454 |
| 856 |
_aFinding aid _uhttp://10.13.5.2/tesis/sist112977.pdf _zTeclea aquí |
||
| 901 | _aBK | ||
| 942 | _cTESIS | ||
| 942 | _n0 | ||
| 999 |
_c109438 _d109438 |
||